00955nam a2200181Ia 4500008004100000020002200041050002000063100002200083245018100105250000600286260002500292300004000317500018900357650003400546700006000580952011600640999001700756120626s9999 xx 000 0 und d a978-970-15-1280-7 aQA76.6 R36 2007 aRAMÍREZ, Felipe aIntroducción a la programación : algoritmos y su implementación en VB.Net, C#, Java y C++ / Felipe Ramírez ; revisión técnica: Álvaro Francisco Salazar González a2 aMéxico : Alfaomega axxi, 488 p. : il., diagrs. ; 23 cm. aContiene: índiced temático y de prácticas \ Cada capítulo incluye: mapa mental, terminología, preguntas y examen rápido \ Anexos: 1. Casos resueltos 2. Tablas de referencia aCOMPUTADORAS - PROGRAMACIÓN aSALAZAR GONZÁLEZ, Álvaro Francisco (rev. téc.)Ì 00102ddc4070a22b22d2010-11-29l1oQA76.6 R36 2007p17 001095r2023-08-01s2020-01-13t1w2012-06-26yLBf c73673d73673